000 00882pam a2200301 a 4500
001 2241
005 20250829142658.0
020 _a0516208012
020 _a051626415X
020 _a9780516264158
040 _aDLC
_cDLC
_dDLC
_beng
050 0 0 _aQC976.R2
_bF69 1998
082 0 0 _a551.56/7
_221
100 1 _aFowler, Allan
245 1 0 _aAll the colors of the rainbow /
_cby Allan Fowler
260 _aNew York :
_bScholastic,
_c1998
300 _a31 pages :
_bIllustrations
_c18 cm
500 _aIncludes index.
505 _aK
520 _aExplains how rainbows are formed by the colors in sunlight shining through water.
521 _a590
_bLexile
521 _aK
_bRaz-Plus
650 0 _aRainbows
_vJuvenile literature.
650 0 _aColors
_vJuvenile literature.
650 1 _aRainbows.
906 _a7
_bcbc
_corignew
_d1
_eocip
_f19
_gy-gencatlg
942 _2ddc
_cBK
_n0
999 _c2241
_d2241